| 000 | 00627nam a2200205 a 4500 | ||
|---|---|---|---|
| 005 | 20240627063633.0 | ||
| 008 | 991125s1996 es 000 0 spa u | ||
| 035 | _aUPN01000011031 | ||
| 049 | _aCG | ||
| 050 | 4 |
_aBF723 C5.6 _bK6.68 |
|
| 245 | 0 | 0 |
_aConocimiento y recuerdo en la infancia / _ced. Rabyn Firush ; tr. Genis Sanchez Barberán. |
| 260 |
_aMadrid : _bVisor, _c1996. |
||
| 300 | _a382 p. | ||
| 440 | 0 |
_aAprendizaje ; _v119 |
|
| 650 | 7 |
_aTeoría del conocimiento _vCongresos _2 _912240 |
|
| 650 | 4 |
_aMemoria _95324 |
|
| 650 | 4 |
_aNiño, estudio del _vCongresos _926163 |
|
| 700 | 1 |
_aFirush, Rabyn, _eed. |
|
| 905 | _aLibro | ||
| 999 |
_c11031 _d11031 |
||